000 01273nam a2200349Ia 4500
003 OSt
005 20221007121529.0
006 a|||||r|||| 00| 0
007 ta
008 221006b |||||||| |||| 00| 0 eng d
020 _a9780128114889 (pbk)
024 _a200670
037 _b38558, 06/02/2019, Saras Books
_cTextual
040 _aBDL
_cBDL
_beng
041 _2eng
_aeng
082 _aI22, Q9 Carb
100 _aTripathi Durgesh Kumar Ed.
_9712318
245 0 _aNanomaterials in plants algae, and microorganisms: Concepts and controversies
_b Ahmad Parvaiz Ed. Sharma Shivesh Ed. Chauhan DK Ed. Dubey NK Ed.
260 _aLondon
_bElsevier
_c2019
300 _axx, 365p. ill.
_ccm.
490 _vVol.2
500 _aInclude references; Index 353-365p.
650 _a Carbon nanotubes
_9712319
650 _a Industrial nanoparticles
_9712320
650 _aBotany
700 _a Ahmad Parvaiz Ed.
_9458158
700 _a Chauhan DK Ed.
_9712321
700 _a Dubey NK Ed.
_9712322
700 _a Sharma Shivesh Ed.
_9712323
942 _hI22, Q9 Carb
_cTEXL
_2CC
999 _c1209001
_d1209001